000 00649nam a22002297a 4500
003 OSt
005 20170324134424.0
008 170324b xxu||||| |||| 00| 0 eng d
020 _a9781420069631
020 _a1420069632
040 _cDMLN
082 _aWA744 H190h 2009
100 _aEdited by Andre, O. Barel; Marc, Paye; Howard, I. Maibach
_911945
245 _aHandbook of Cosmetic Science and Technology
250 _a3rd ed.
260 _aNew York; Informa Healthcare, 2009
300 _axvi,869p; ill: 27cm
504 _aReferences, & index included
650 _aCosmetics
_98801
650 _aTechnology
_91144
942 _2z
_cSLOAN
999 _c5737
_d5737